Lumbering and wood-working industries in the United States and Canada together with notes on British practice and suggestions for India based on a tour in North America in 1919

Bibliographic Details
Main Author: LEETE
Format: Book
Published: Simla, India : Printed at the Govt. Monotype Press , 1919
Subjects:

MARC

LEADER 00000cam a2200000 7i4500
001 0000001637
005 20010904.0
090 0 0 |a 674   |b LEE 1919 
100 1 0 |a LEETE   |h Frederick Alexander 
245 1 0 |a Lumbering and wood-working industries in the United States and Canada together with notes on British practice and suggestions for India based on a tour in North America in 1919   |c by F. A. Leete 
260 0 0 |a Simla, India :   |b Printed at the Govt. Monotype Press ,   |c 1919 
300 |a 3 v. (189 p.) ill., col. maps, diagrs. ;   |c 27 cm. 
500 0 0 |a v. I : Logging v. II : Sawmills v. III : Economic forest research, wood-working industries, such as barrel-making, plywood, matches, etc. and a chapter on the water hyacinth 
650 0 0 |a Lumbering   |z Canada 
650 0 0 |a Lumbering   |z United States 
650 0 0 |a Woodworking industries   |z Canada 
650 0 0 |a Woodworking industries   |z United States 
998 |a JPSM 
999 |a 0000002927   |b Monograph   |c Open Shelf   |e Default branch 
999 |a 0000002928   |b Monograph   |c Open Shelf   |e Default branch 
999 |a 0000002929   |b Monograph   |c Open Shelf   |e Default branch